Datum a čas kvízu
27
Celkem bodů
Celkový počet nahraných bodů na tomto kvízu bez doplňovacích otázek.
11.
Pořadí na kvízu
Konečné umístění týmu na tomto kvízu.
Zaznamenané odpovědi
| # | Otázka | Odpověď | Body | Výsledky |
|---|---|---|---|---|
| 1. | Ve čtvrtek jsme se dozvěděli,... | Rohlík.cz | 1 | |
| 2. | Vláda jedné země chystá poměrn... | Austrálie | 1 | |
| 3. | Který bývalý člen kanceláře pr... | Jiří Ovčáček | 1 | |
| 4. | Minulý týden jsme se dozvěděli... | 5 000 Kčs | 0 | |
| 5. | Ve kterém hlavním městě ležící... | v Rijádu | 0 | |
| 6. | Robin Hood je britsko-americký... | Ridley Scott, Russel Crowe | 1 | |
| 7. | Režisér a scenárista Otakar Vá... | Proti všem | 0 | |
| 8. | Německý film režiséra Edwarda... | Na západní frontě klid, Erich Maria Remarque | 0.5 | |
| 9. | Protektor je film režiséra Mar... | Jana Plodková, Marek Daniel | 0 | |
| 10. | Napište název filmu, z něhož p... | Apokalypsa/Apocalypse Now | 0 |